NUST Micro Grid Planning with New DER Resources and Reliable Infrastructure Modernization / (Record no. 601863)

000 -LEADER
fixed length control field 00487nam a2200145Ia 4500
008 - FIXED-LENGTH DATA ELEMENTS--GENERAL INFORMATION
fixed length control field 230907s9999||||xx |||||||||||||| ||und||
082 ## - DEWEY DECIMAL CLASSIFICATION NUMBER
Classification number 621.3
Author Mark USA
100 ## - MAIN ENTRY--PERSONAL NAME
Personal name Usama Ameer Khan (00000205703)
9 (RLIN) 116483
245 #0 - TITLE STATEMENT
Title NUST Micro Grid Planning with New DER Resources and Reliable Infrastructure Modernization /
260 ## - PUBLICATION, DISTRIBUTION, ETC.
Place of publication, distribution, etc. USPCAS-E, NUST,
Name of publisher, distributor, etc. Islamabad :
Date of publication, distribution, etc. 2019
520 ## - SUMMARY, ETC.
Summary, etc. TH-184
650 ## - SUBJECT ADDED ENTRY--TOPICAL TERM
Topical term or geographic name entry element MS-EEP Thesis MS Thesis
700 ## - ADDED ENTRY--PERSONAL NAME
Personal name Dr Syed Ali Abbas Kazmi
9 (RLIN) 117439
942 ## - ADDED ENTRY ELEMENTS (KOHA)
Koha item type Thesis
Source of classification or shelving scheme
Holdings
Withdrawn status Lost status Source of classification or shelving scheme Damaged status Not for loan Permanent Location Current Location Date acquired Full call number Barcode Date last seen Price effective from Koha item type
          US-Pakistan Center for Advanced Studies in Energy (USPCAS-E) US-Pakistan Center for Advanced Studies in Energy (USPCAS-E) 02/25/2020 621.3 USA CAS-ETH0000184 09/12/2023 09/12/2023 Thesis
© 2023 Central Library, National University of Sciences and Technology. All Rights Reserved.